[Event "It (open)"]
[Site "masterchessopen.com – Voronezh (Russia)"]
[Date "2007.06.13"]
[Round "2"]
[White "Novikov Stanislav (RUS)"]
[Black "Golovin Leonid (RUS)"]
[Result "1-0"]
[WhiteElo "2534"]
[BlackElo "2449"]

{ } 1.e4 c5 2.Nc3 Nc6 3.Nf3 d6 4.d4 cxd4 5.Nxd4 Nf6 6.Bg5 e6 7.Qd2 Be7 8.O-O-O
O-O 9.f4 h6 10.Bxf6 Bxf6 11.Ndb5 Qa5 ( 11...e5 12.Nd5 Bg4 13.Be2 Bxe2 14.Qxe2
exf4 15.Nxf6+ Qxf6 16.Rxd6 Qe7 17.Rhd1 Rad8 18.Rxd8 Rxd8 19.Rf1 Qg5 20.Kb1 Nd4
21.Nxd4 Rxd4 22.c3 Rd6 23.Qf2 Rf6 24.Rd1 b6 25.Rd5 Qg6 26.Qf3 Kh7 27.Kc1 Kg8
28.a3 Kh7 29.Kc2 Kg8 30.Kb3 Kh7 31.Ka2 { ...1-0, Stummer Anton 2325 -
Felsberger Alfred 2367 , Austria 1990 Staatsliga } ) 12.Nxd6 { ?/= } ( 12.Kb1
Rd8 13.Nxd6 e5 14.Bc4 Bg4 15.Qd5 Rd7 16.Qxa5 Nxa5 17.Rd5 Nxc4 18.Nxc4 exf4
19.Rxd7 Bxd7 20.Nd5 Bh4 21.Nxf4 Bc6 22.g3 Bg5 23.Re1 Rd8 24.c3 Bb5 25.Na3 Bc6
26.Kc2 b6 { 1-0, Milman Lev 2478 - Lima Darcy 2529 , Buenos Aires 10. 8.2005
Ch American Continent } ) 12...Rd8 13.Bc4 { -1.33 CAP N } ( 13.Kb1 e5 (
13...b5 14.e5 b4 15.Nce4 Be7 16.Bc4 Rb8 17.Bb3 Ba6 18.Qe3 Qc7 19.g4 Na5 20.h4
Nxb3 21.axb3 Rb6 22.Rh2 Bb7 23.Rhd2 Bxe4 24.Qxe4 Bxd6 25.exd6 Qd7 26.g5 Qb5
27.gxh6 g6 28.Qd4 e5 29.fxe5 Qd7 30.h5 Qe6 31.hxg6 fxg6 32.Qc4 { 1-0, Slimani
Abdelhamid - Dekar Lies 2205 , Algeria 2000 Tournament (olympic selection) } )
14.Bc4 Bg4 15.Qd5 Rd7 16.Qxa5 Nxa5 17.Rd5 ( 17.Bb5 Rdd8 18.Be2 Bxe2 19.Nxe2
exf4 20.Rd5 b6 21.Rhd1 g5 22.Nd4 Bxd4 23.R1xd4 Nc6 24.Rc4 Ne7 25.Rd3 Rd7
26.Nf5 Rxd3 27.Nxe7+ Kf8 28.cxd3 Kxe7 29.Rc7+ Ke6 30.Kc2 f5 31.Rc6+ Ke5
32.exf5 h5 { ...1/2-1/2, Shirov Alexei 2685 - Gurevich Dmitry 2575 , Biel 1993
Izt } ) 17...Nxc4 18.Nxc4 exf4 19.Rxd7 Bxd7 20.Nd5 Bh4 21.Nxf4 Bc6 22.g3 Bg5
23.Re1 Rd8 24.c3 Bb5 25.Na3 Bc6 26.Kc2 b6 { 1-0, Milman Lev 2478 - Lima Darcy
2529 , Buenos Aires 10. 8.2005 Ch American Continent } ) ( 13.e5 Nxe5 14.Nce4
Qxa2 15.Nxf6+ gxf6 16.c3 Bd7 17.fxe5 Qa1+ 18.Kc2 Ba4+ 19.b3 Qa2+ 20.Kc1 Qxb3 (
20...Qa1+ 21.Kc2 Qa2+ 22.Kc1 Qa1+ { 1/2-1/2, Al Sayed Mohamad N 2467 - Van Der
Poel Henk 2289 , Amsterdam 18. 7.2005 It (open) } ) 21.Bc4 Qa3+ 22.Kb1 Bxd1
23.Rxd1 fxe5 24.Qd3 Qc5 25.Bxe6 e4 26.Qxe4 Qxc3 27.Rd3 Qg7 28.Rg3 Rxd6
29.Rxg7+ Kxg7 30.Qe5+ { 1-0, Capelan Guenter 2385 - Honfi Karoly 2470 ,
Solingen 1974 It } ) ( 13.a3 { +0.48 CAP } ) ( 13.Qe3 Nb4 14.Bc4 Qc7 15.e5 Be7
16.Bb3 Bxd6 17.exd6 Rxd6 18.Nb5 Rxd1+ 19.Rxd1 Qe7 20.Nd6 Nc6 21.f5 exf5
22.Qxe7 Nxe7 23.Nxf7 Kh7 24.Rd8 Kg6 25.Nd6 Kf6 26.Ne8+ Ke5 27.Nxg7 Rb8 28.Rh8
Nc6 29.Rxh6 Bd7 30.c3 Na5 31.Be6 Bc6 32.g3 Be4 { ...1-0, Bartis Gustavo 2250 -
Marcussi Bartolome 2210 , Buenos Aires 1965 Ch Buenos Aires (1/2 final) } )
13...a6 { ?! } ( 13...Be7 { !? } 14.e5 Nxe5 15.Qe1 Nxc4 16.Nxc4 Rxd1+ 17.Qxd1
Qb4 18.Qf1 Bd7 19.Ne5 Rd8 20.Qf3 Be8 { } ) 14.Kb1 b5 15.Bb3 b4 16.Na4 Ra7
17.e5 Rad7 18.c4 Rxd6 19.exd6 Nd4 20.Qe3 Rxd6 21.Rd2 e5 22.c5 Bf5+ 23.Ka1 Rd8
24.Rhd1 { ? } ( 24.fxe5 Bg5 25.Qxd4 Rxd4 26.Rxd4 Qb5 27.h4 Be7 28.Rc1 Qe2
29.Rxb4 Qxe5 30.Rd1 Bd3 { } ) 24...Be6 { ?! } ( 24...Nc2+ { !? } 25.Bxc2 Bxc2
26.Rxd8+ Bxd8 27.Qd2 Bxd1 28.Qxd1 exf4 29.Qd6 Bf6 30.Qb8+ Kh7 31.Qe8 { } )
25.g3 { ?! } ( 25.Bxe6 { !? } 25...Nc2+ 26.Rxc2 Rxd1+ 27.Rc1 Qxa4 28.Bb3 Rxc1+
29.Qxc1 Qc6 30.fxe5 Bxe5 31.Qf1 Bf6 32.Qc4 { } ) 25...Bxb3 { ? } ( 25...Qb5
26.Rxd4 Rxd4 27.Qc1 Rxd1 28.Qxd1 exf4 29.Bxe6 fxe6 30.gxf4 Bd4 31.Kb1 Bxc5
32.Nxc5 Qxc5 { } ) 26.axb3 Nc2+ 27.Rxc2 Rxd1+ 28.Ka2 Qb5 { ?! } ( 28...exf4 {
!? } 29.Qxf4 Rd4 30.Qb8+ Rd8 31.Qb6 Qxb6 32.cxb6 Rb8 33.Rc4 a5 34.Rc7 Bd8
35.Rc6 { } ) 29.Qf3 Rd3 30.Qe2 exf4 31.c6 Be5 32.Rc5 f3 33.Qxe5 f2 34.Qe8+ Kh7
35.Qe4+ g6 36.Rxb5 f1=Q 37.Rd5 Rf3 { } {#r} 1-0

[Event "It (cat.2) (a)"]
[Site "masterchessopen.com – Budapest (Hungary)"]
[Date "2007.08.15"]
[Round "10"]
[White "Izso Daniel (HUN)"]
[Black "Pitl Gregory (GER)"]
[Result "0-1"]
[WhiteElo "2242"]
[BlackElo "2403"]

1.e4 c5 2.Nf3 d6 3.d4 cxd4 4.Nxd4 Nf6 5.Nc3 Nc6 6.Bg5 e6 7.Qd2 Be7 8.O-O-O O-O
9.f4 Qa5 10.Nb3 Qb6 11.Bxf6 Bxf6 12.Na4 Qd8 13.Qxd6 Qe8 14.Nac5 Be7 15.Qd2 e5
16.Nd7 Bxd7 17.Qxd7 exf4 18.Bb5 a6 19.Bxc6 bxc6 20.Kb1 a5 21.a4 Bf6 22.Qxe8
Rfxe8 23.Rhe1 Rab8 24.Rd6 Rb6 25.Re2 Be5 26.Rd3 Rb4 27.Nxa5 Rxb2+ 28.Kc1 Ra2
29.Nxc6 Bf6 30.a5 Rc8 31.Rd6 Bc3 32.Ne7+ Kf8 33.Rb6 Ra1+ 34.Rb1 Rxb1+ 35.Kxb1
Kxe7 {#R} 0-1

[Event "Zt"]
[Site "masterchessopen.com – Tashkent (Uzbekistan)"]
[Date "2007.10.08"]
[Round "7"]
[White "Ismagambetov Anuar (KAZ)"]
[Black "Kairbekov Rustam (KAZ)"]
[Result "1-0"]
[WhiteElo "2479"]
[BlackElo "2293"]

1.e4 c5 2.Nf3 d6 3.d4 cxd4 4.Nxd4 Nf6 5.Nc3 Nc6 6.Bg5 e6 7.Qd2 Be7 8.O-O-O O-O
9.f4 h6 10.Bxf6 Bxf6 11.Ndb5 e5 12.g3 Bg4 13.Be2 Bxe2 14.Qxe2 a6 15.Na3 exf4
16.Nd5 fxg3 17.Nc4 Bg5+ 18.Kb1 b5 19.Nce3 Ne5 20.Nf5 Nc4 21.Qg4 g2 22.Qxg2 Kh7
23.Nxg7 Kxg7 24.h4 Ne5 25.hxg5 h5 26.Rxh5 Rh8 27.Rxh8 Qxh8 28.Rh1 Qd8 29.Nf6
Ng6 30.Qf2 Qe7 31.Rh7+ Kf8 32.Nd5 Qa7 33.Qh2 Ke8 34.a3 Rd8 35.Nf6+ Ke7
36.Rxf7+ {#r} 1-0

[Event "Ch Schleswig Holstein"]
[Site "masterchessopen.com – Gross Groenau (Germany)"]
[Round "9"]
[White "Wilde Dennis (GER)"]
[Black "Zierke Oliver (GER)"]
[Result "0-1"]
[WhiteElo "2185"]
[BlackElo "2300"]

1.e4 c5 2.Nf3 Nc6 3.d4 cxd4 4.Nxd4 Nf6 5.Nc3 d6 6.Bg5 e6 7.Qd2 Be7 8.O-O-O O-O
9.f4 h6 10.h4 Nxd4 11.Qxd4 hxg5 12.hxg5 Ng4 13.e5 dxe5 14.Qe4 f5 15.gxf6 Nxf6
16.Qxe5 Qb6 17.Bc4 Qc5 18.Bxe6+ Bxe6 19.Qxe6+ Rf7 20.Nd5 Rd8 21.Qh3 Kf8
22.Qh8+ Ng8 23.Rh5 g6 24.Re5 Qf2 25.Re6 Rxd5 26.Rxd5 Qxf4+ 27.Rd2 Qf1+ 28.Rd1
Bg5+ {#R} 0-1

[Event "Ch Europe"]
[Site "masterchessopen.com – Plovdiv (Bulgaria)"]
[Date "2008.04.26"]
[Round "6"]
[White "Chirila Ioan Cristian (ROM)"]
[Black "Mudelsee Manfred (GER)"]
[Result "1-0"]
[WhiteElo "2462"]
[BlackElo "2296"]

1.e4 c5 2.Nf3 d6 3.d4 cxd4 4.Nxd4 Nf6 5.Nc3 Nc6 6.Bg5 e6 7.Qd2 Be7 8.O-O-O O-O
9.f4 h6 10.h4 hxg5 11.hxg5 Nxd4 12.Qxd4 Ng4 13.Be2 Bxg5 14.fxg5 Qxg5+ 15.Kb1
e5 16.Qxd6 Be6 17.Bxg4 Bxg4 18.Nd5 Rfe8 19.Rd3 Rac8 20.Rg3 Re6 21.Qb4 Rh6
22.Rxh6 Qxh6 23.Ne7+ Kh7 24.Qe1 Be6 25.Nxc8 Bxc8 26.b3 Be6 27.Qe3 Qxe3 28.Rxe3
g5 29.Rc3 g4 30.g3 Kg6 31.Kc1 Bd7 32.Kd2 Bc6 33.Ke3 Kf6 34.Rd3 Ke6 35.c4 f5
36.exf5+ Kxf5 37.Rd6 a6 38.b4 Bg2 39.a4 Bf1 40.c5 Bc4 41.Rb6 Bd5 42.b5 {#r}
1-0

[Event "Ch Montenegro"]
[Site "masterchessopen.com – Cetinje (Montenegro)"]
[Date "2008.07.16"]
[Round "9"]
[White "Djukic Nikola (MNE)"]
[Black "Nikac Predrag (MNE)"]
[Result "0-1"]
[WhiteElo "2519"]
[BlackElo "2390"]

1.e4 c5 2.Nf3 d6 3.d4 cxd4 4.Nxd4 Nf6 5.Nc3 Nc6 6.Bg5 e6 7.Qd2 Be7 8.O-O-O O-O
9.f4 a6 10.Bxf6 Bxf6 11.Nxc6 bxc6 12.Qxd6 Qb6 13.e5 Rd8 14.Qa3 Qe3+ 15.Kb1
Rxd1+ 16.Nxd1 Qxa3 17.bxa3 Rb8+ 18.Nb2 Be7 19.Bc4 Bxa3 20.Bb3 a5 21.Nc4 Bb4
22.a4 Ba6 23.Nd6 Be2 24.f5 exf5 25.Nxf7 Kf8 26.Ka2 Ke7 27.e6 Bc3 28.Ne5 Bxe5
29.Re1 Bxh2 30.Rxe2 Bd6 31.c3 h5 32.Bc2 g6 33.Bb3 h4 34.Rf2 Rf8 35.Bc4 g5
36.Rb2 Rb8 37.Rf2 Kf6 38.e7 Re8 39.Rd2 Be5 40.Rd8 Kxe7 41.Rxe8+ Kxe8 42.Be6
Ke7 43.Bxf5 Bxc3 44.Kb3 Be1 45.Kc4 Kd6 46.Kd4 c5+ 47.Ke4 Bf2 48.Bg4 c4 49.Kf5
c3 50.Bd1 Kd5 {#R} 0-1

[Event "It (open)"]
[Site "masterchessopen.com – Istanbul (Turkey)"]
[Date "2008.07.29"]
[Round "1"]
[White "Guseinov Gadir (AZE)"]
[Black "Bapoglu Ibrahim (TUR)"]
[Result "1-0"]
[WhiteElo "2650"]
[BlackElo "1933"]

1.e4 c5 2.Nc3 Nc6 3.Nf3 d6 4.d4 cxd4 5.Nxd4 Nf6 6.Bg5 e6 7.Qd2 Be7 8.O-O-O O-O
9.f4 a6 10.Kb1 Qc7 11.Qe1 Nxd4 12.Rxd4 b5 13.e5 Ne8 14.Bxe7 Qxe7 15.Bd3 Bb7
16.Ne4 Rd8 17.Qb4 Bxe4 18.Bxe4 Qc7 19.Rhd1 d5 20.Bxh7+ Kxh7 21.Qxf8 Rc8 22.c3
Nf6 23.Qb4 Nd7 24.Qe7 Kg8 25.R1d3 Nc5 26.Qxc7 Rxc7 27.Rd1 g6 28.Kc2 Ne4
29.Rxe4 dxe4 30.Rd4 e3 31.Kd3 a5 32.Kxe3 b4 33.cxb4 axb4 34.Rxb4 Rc2 35.a4
Rxg2 36.a5 {#r} 1-0

[Event "Tournament (open) (juniors)"]
[Site "masterchessopen.com – Samara (Russia)"]
[Round "4"]
[White "Balakirev Ilya (RUS)"]
[Black "Vanifatov Yury (RUS)"]
[Result "1-0"]
[WhiteElo "2243"]
[BlackElo "2098"]

1.e4 c5 2.Nf3 d6 3.d4 cxd4 4.Nxd4 Nf6 5.Nc3 Nc6 6.Bg5 e6 7.Qd2 Be7 8.O-O-O O-O
9.f4 h6 10.Bh4 a6 11.g4 Nxe4 12.Nxe4 Bxh4 13.Nxc6 bxc6 14.Qxd6 Qb6 15.Qd4 c5
16.Qxc5 Qxc5 17.Nxc5 Bf2 18.Bg2 Rb8 19.Nd3 Bd4 20.c3 Bf6 21.Nc5 g5 22.Ne4 Be7
23.Rhf1 f5 24.gxf5 exf5 25.Nd6 gxf4 26.Bd5+ Kh7 27.Nxc8 Rfxc8 28.Be6 Rf8
29.Rd7 Rbe8 30.Ra7 Kg6 31.Rxa6 Kg5 32.Bd5 Bc5 33.b4 Rd8 34.c4 Bd4 35.h4+ Kxh4
36.Rxf4+ {#r} 1-0

[Event "Ch Serbia (team) (1st League)"]
[Site "masterchessopen.com – Subotica (Serbia)"]
[Date "2008.09.08"]
[Round "7"]
[White "Martic Ivan (SRB)"]
[Black "Klasan Vladimir (SRB)"]
[Result "0-1"]
[WhiteElo "2308"]
[BlackElo "2326"]

1.e4 c5 2.Nf3 d6 3.d4 cxd4 4.Nxd4 Nf6 5.Nc3 Nc6 6.Bg5 e6 7.Qd2 Be7 8.O-O-O O-O
9.f4 h6 10.Bh4 e5 11.Nf5 Bxf5 12.exf5 exf4 13.Qxf4 d5 14.Kb1 d4 15.Bxf6 Bxf6
16.Ne4 Be5 17.Qf3 Rc8 18.Bd3 Nb4 19.g4 Qd5 20.b3 Nxa2 21.Kb2 Nb4 22.Rd2 Rc5
23.Ra1 Rfc8 24.Ra4 a5 25.Kb1 Qc6 26.Qe2 Nd5 27.Rc4 Rxc4 28.Bxc4 Nf4 29.Qf3 b5
30.Bf1 a4 31.b4 Nd5 32.Qa3 Bf4 33.Re2 Ne3 34.Qd3 Nxf1 35.Rf2 Ne3 36.Rxf4 Nxc2
37.Qd2 Nxb4 38.g5 a3 39.gxh6 a2+ 40.Kb2 Qc1+ 41.Qxc1 Rxc1 {#R} 0-1

[Event "It (open)"]
[Site "masterchessopen.com – Zvenigorod (Russia)"]
[Date "2008.09.28"]
[Round "6"]
[White "Smirnov Pavel (RUS)"]
[Black "Golovin Leonid (RUS)"]
[Result "1-0"]
[WhiteElo "2579"]
[BlackElo "2454"]

1.e4 c5 2.Nf3 d6 3.d4 cxd4 4.Nxd4 Nf6 5.Nc3 Nc6 6.Bg5 e6 7.Qd2 Be7 8.O-O-O O-O
9.f4 h6 10.Bh4 e5 11.Nf5 Bxf5 12.exf5 Qa5 13.Bc4 Rad8 14.Bxf6 Bxf6 15.Ne4
Qxd2+ 16.Rxd2 Nd4 17.Bd5 Nxf5 18.Nxf6+ gxf6 19.Bxb7 Ne7 20.g3 Rd7 21.Bd5 Kg7
22.Re1 Rfd8 23.Bb3 Ng6 24.Red1 exf4 25.gxf4 Nxf4 26.Rf1 Ng6 27.Rdf2 d5 28.Rxf6
Re7 29.R6f5 Red7 30.Kd2 Nf8 31.Rg1+ Kh7 32.c3 Kh8 33.Rf6 Ng6 34.h4 Rd6 35.Rxf7
Nxh4 36.Bc2 R6d7 37.Rf4 {#r} 1-0

[Event "Ch Hungary (team) 2008/09"]
[Site "masterchessopen.com – Hungary"]
[Date "2008.10.26"]
[Round "1"]
[White "Feher Adam (HUN)"]
[Black "Pergel Laszlo (HUN)"]
[Result "0-1"]
[WhiteElo "2229"]
[BlackElo "2293"]

1.e4 c5 2.Nf3 Nc6 3.d4 cxd4 4.Nxd4 Nf6 5.Nc3 d6 6.Bg5 e6 7.Qd2 Be7 8.O-O-O O-O
9.f4 h6 10.Bh4 e5 11.Nf5 Bxf5 12.exf5 exf4 13.Qxf4 d5 14.Kb1 d4 15.Bxf6 Bxf6
16.Ne4 Be5 17.Qd2 a5 18.Bd3 Nb4 19.Bc4 Qc8 20.Qe2 Qxf5 21.Rhf1 Qg6 22.a3 b5
23.Bxf7+ Rxf7 24.axb4 axb4 25.Nc5 Rfa7 26.Nb3 Qa6 27.Kc1 Bf6 28.Rxf6 Qxf6
29.Kb1 Qa6 30.Kc1 Rd8 31.Qe5 d3 32.cxd3 Rc8+ 33.Nc5 Qc6 34.d4 Ra1+ 35.Kc2 b3+
{#R} 0-1

[Event "It (open)"]
[Site "masterchessopen.com – Sautron (France)"]
[Date "2008.10.26"]
[Round "2"]
[White "Das Arghyadip (IND)"]
[Black "Jaulin Philippe (FRA)"]
[Result "1-0"]
[WhiteElo "2404"]
[BlackElo "2175"]

1.e4 c5 2.Nf3 d6 3.d4 cxd4 4.Nxd4 Nf6 5.Nc3 Nc6 6.Bg5 e6 7.Qd2 Be7 8.O-O-O O-O
9.f4 e5 10.Nf3 exf4 11.Bxf4 Qa5 12.Kb1 Be6 13.Ng5 Bg4 14.Be2 Bxe2 15.Qxe2 h6
16.Nf3 Rfe8 17.Bxd6 Bxd6 18.Rxd6 Qb4 19.Rxf6 gxf6 20.Qe3 Ne5 21.Nxe5 fxe5
22.Qxh6 Qf8 23.Qh4 Re6 24.Nd5 Qg7 25.Rf1 Qxg2 26.Qe1 Rg6 27.Ne7+ Kg7 28.Nxg6
fxg6 29.Rf2 Qg4 30.Qe2 Qe6 31.Qd3 {#r} 1-0

[Event "Ch Netherlands (team) 2008/09"]
[Site "masterchessopen.com – Netherlands"]
[Date "2008.11.22"]
[Round "3"]
[White "Smeets Jan (NED)"]
[Black "Van Der Heijden Anton (NED)"]
[Result "1-0"]
[WhiteElo "2604"]
[BlackElo "2245"]

1.e4 c5 2.Nf3 d6 3.d4 cxd4 4.Nxd4 Nf6 5.Nc3 Nc6 6.Bg5 e6 7.Qd2 Be7 8.O-O-O O-O
9.f4 h6 10.Bh4 Bd7 11.Nf3 Qa5 12.Bc4 b5 13.Nxb5 Nxe4 14.Qxa5 Nxa5 15.Bxe7 Nxc4
16.Nxd6 Ncxd6 17.Bxd6 Rfc8 18.Rhe1 Bc6 19.Rd4 Nxd6 20.Rxd6 Bd5 21.b3 Rc3
22.Kd2 Rac8 23.Rd8+ Rxd8 24.Kxc3 Bxf3 25.gxf3 Kf8 26.b4 Ke7 27.a4 Kf6 28.b5
Kf5 29.Re4 Rd1 30.a5 Rf1 31.Kb2 Rxf3 32.Rb4 {#r} 1-0

[Event "Ch Mediterranean"]
[Site "masterchessopen.com – Antalya (Turkey)"]
[Date "2009.01.15"]
[Round "7"]
[White "Erdogdu Mert (TUR)"]
[Black "Mijovic Stefan (MNE)"]
[Result "1-0"]
[WhiteElo "2463"]
[BlackElo "2325"]

1.e4 c5 2.Nf3 Nc6 3.d4 cxd4 4.Nxd4 Nf6 5.Nc3 d6 6.Bg5 e6 7.Qd2 Be7 8.O-O-O O-O
9.f4 a6 10.Nxc6 bxc6 11.e5 dxe5 12.fxe5 Qxd2+ 13.Rxd2 Nd5 14.Bxe7 Nxe7 15.Bd3
a5 16.Na4 Ba6 17.c4 c5 18.b3 Rac8 19.Be4 Ng6 20.Rd6 Bxc4 21.bxc4 Nxe5 22.Nb6
Rc7 23.Re1 g6 24.Kc2 Kg7 25.h3 h5 26.Kc3 Re8 27.Bc2 f6 28.Ba4 Ree7 29.Bb5 g5
30.Rd8 h4 31.Nc8 Rf7 32.Nd6 Rf8 33.Re8 Ng6 34.R8xe6 {#r} 1-0

[Event "Ch City (1 league)"]
[Site "masterchessopen.com – Samara (Russia)"]
[Date "2009.02.13"]
[Round "8"]
[White "Prihodko Ilja (RUS)"]
[Black "Vanifatov Yury (RUS)"]
[Result "1-0"]
[WhiteElo "2016"]
[BlackElo "2178"]

1.e4 c5 2.Nf3 d6 3.d4 cxd4 4.Nxd4 Nf6 5.Nc3 Nc6 6.Bg5 e6 7.Qd2 Be7 8.O-O-O O-O
9.f4 h6 10.Bxf6 Bxf6 11.Ndb5 Qa5 12.Nxd6 Rd8 13.e5 Nxe5 14.Nce4 Qxa2 15.c3 Nc6
16.Nxf6+ gxf6 17.Bd3 Na5 18.Qe3 Rxd6 19.Bb1 Nb3+ 20.Kc2 Na1+ 21.Kc1 Rxd1+
22.Rxd1 Qa5 23.f5 Kf8 24.Qxh6+ Ke7 25.g4 Nb3+ 26.Kc2 Na1+ 27.Kc1 Nb3+ 28.Kc2
Qa4 29.Qe3 Bd7 30.g5 Bc6 31.gxf6+ Kxf6 32.Qh6+ Ke5 33.Qg7+ f6 34.Qg3+ Qf4
35.Re1+ Be4+ 36.Kxb3 exf5 37.Qg7 Qd2 38.Qe7+ Kf4 39.Qc7+ Kg5 40.Rg1+ Kh5
41.Qf7+ Kh6 42.Qg6# 1-0

[Event "It \"]
[Site "masterchessopen.com – Neustadt a.d. Weinstrasse (Germany)"]
[Date "2009.02.17"]
[Round "4"]
[White "Paehtz Elisabeth (GER)"]
[Black "Baklan Vladimir (UKR)"]
[Result "0-1"]
[WhiteElo "2474"]
[BlackElo "2639"]

1.e4 c5 2.Nf3 d6 3.d4 cxd4 4.Nxd4 Nf6 5.Nc3 Nc6 6.Bg5 e6 7.Qd2 Be7 8.O-O-O O-O
9.f4 h6 10.Bh4 Bd7 11.Nf3 Qa5 12.Kb1 Rfc8 13.g4 b5 14.Bxf6 Bxf6 15.e5 dxe5
16.g5 hxg5 17.fxg5 Be7 18.g6 Be8 19.gxf7+ Bxf7 20.Rg1 Bf6 21.Ne4 Qxd2 22.Nxf6+
Kh8 23.Rxd2 gxf6 24.Rd7 Rd8 25.Rxd8+ Rxd8 26.Bxb5 Ne7 27.Bd3 Be8 28.Kc1 Bc6
29.Nd2 Rd4 30.Bc4 Nd5 31.b3 Nf4 32.Rg3 Kh7 33.c3 Rd8 34.Kc2 e4 35.b4 f5 36.b5
Be8 37.a4 e5 38.Bg8+ Kh6 39.Nc4 Bg6 40.Ne3 Rxg8 41.Nxf5+ Kh7 42.Ne3 Rd8 43.a5
Nd5 44.c4 Nxe3+ 45.Rxe3 Rd4 46.c5 Rc4+ 47.Rc3 e3+ 48.Kb3 e2 49.Re3 Re4 {#R}
0-1

[Event "Ch Germany (juniors) (Internet) (under 18) (qual1)"]
[Site "masterchessopen.com – Internet"]
[Date "2009.05.10"]
[Round "2"]
[White "Schulz Anja (GER)"]
[Black "Von Renesse Konstantin"]
[Result "1-0"]
[WhiteElo "1819"]
[BlackElo "1488"]

1.e4 c5 2.Nf3 Nc6 3.d4 cxd4 4.Nxd4 d6 5.Nc3 Nf6 6.Bg5 e6 7.f4 Be7 8.Qd2 O-O
9.O-O-O Ng4 10.Bxe7 Qxe7 11.h3 Nxd4 12.hxg4 e5 13.Nd5 Qd8 14.f5 b6 15.f6 {#r}
1-0

[Event "It (open)"]
[Site "masterchessopen.com – Zalakaros (Hungary)"]
[Date "2009.05.11"]
[Round "4"]
[White "Szabo Krisztian (HUN)"]
[Black "Pergel Laszlo (HUN)"]
[Result "1-0"]
[WhiteElo "2493"]
[BlackElo "2287"]

1.e4 c5 2.Nf3 Nc6 3.d4 cxd4 4.Nxd4 Nf6 5.Nc3 d6 6.Bg5 e6 7.Qd2 Be7 8.O-O-O O-O
9.f4 h6 10.Bh4 e5 11.Nf5 Bxf5 12.exf5 exf4 13.Kb1 d5 14.Bxf6 Bxf6 15.Nxd5 Be5
16.Bc4 b5 17.Bb3 a5 18.a3 Qd6 19.Rhe1 Rad8 20.Qe2 a4 21.Ba2 Rfe8 22.c3 Kh7
23.Nb4 Bd4 24.Qxe8 Rxe8 25.Rxe8 Qd7 26.Ree1 Nxb4 27.axb4 Qxf5+ 28.Ka1 Qg4
29.cxd4 Qxg2 30.d5 f3 31.d6 a3 32.bxa3 f2 33.Rf1 Qxh2 34.Bb3 Qe5+ 35.Kb1 Qe3
36.Bc2+ g6 37.d7 Qxa3 38.d8=Q Qxb4+ 39.Kc1 Qa3+ 40.Kd2 {#r} 1-0

[Event "It (cat.3)"]
[Site "masterchessopen.com – Orel (Russia)"]
[Date "2009.06.27"]
[Round "2"]
[White "Lebediantsev Ruslan (RUS)"]
[Black "Novikov Sergey (RUS)"]
[Result "1-0"]
[WhiteElo "2156"]
[BlackElo "2248"]

1.e4 c5 2.Nf3 d6 3.d4 cxd4 4.Nxd4 Nf6 5.Nc3 Nc6 6.Bg5 e6 7.Qd2 Be7 8.O-O-O O-O
9.f4 Bd7 10.Ndb5 d5 11.exd5 Nxd5 12.Nxd5 exd5 13.Qxd5 Bxg5 14.fxg5 Bg4 15.Qxd8
Raxd8 16.Rxd8 Rxd8 17.Bd3 a6 18.Nc3 Ne5 19.Re1 Nxd3+ 20.cxd3 Kf8 21.Re3 b5
22.a3 Rd4 23.Re4 Rxe4 24.Nxe4 Ke7 25.Kd2 Bc8 26.Ke3 Ke6 27.Kd4 f6 28.gxf6 gxf6
29.b4 f5 30.Nc5+ Kf6 31.Kd5 f4 32.Ke4 Kg5 33.d4 Bf5+ 34.Ke5 h5 35.Ne6+ Bxe6
36.Kxe6 h4 37.h3 {#r} 1-0

[Event "Ch World (juniors) (under 16)"]
[Site "masterchessopen.com – Kemer (Turkey)"]
[Date "2009.11.19"]
[Round "8"]
[White "Van Kampen Robin (NED)"]
[Black "Nikolashvili Giorgi N (GEO)"]
[Result "1-0"]
[WhiteElo "2383"]
[BlackElo "2186"]

1.e4 c5 2.Nf3 d6 3.d4 cxd4 4.Nxd4 Nf6 5.Nc3 Nc6 6.Bg5 e6 7.Qd2 Be7 8.O-O-O O-O
9.f4 h6 10.Bh4 e5 11.Nf5 Bxf5 12.exf5 exf4 13.Kb1 d5 14.Bxf6 Bxf6 15.Nxd5 Be5
16.Bc4 b5 17.Bb3 a5 18.a3 Nd4 19.Rhe1 Nxb3 20.cxb3 Re8 21.f6 Bxf6 22.Rxe8+
Qxe8 23.Nxf6+ gxf6 24.Qxf4 Rd8 25.Rf1 Qe6 26.Rf3 a4 27.Re3 Rd1+ 28.Kc2 Qd7
29.Rg3+ Kh7 30.bxa4 bxa4 31.Rh3 {#r} 1-0

[Event "Cup Governor's (open) (a)"]
[Site "masterchessopen.com – Khanty Mansyisk (Russia)"]
[Date "2009.11.28"]
[Round "6"]
[White "Zolotukhin Valery (RUS)"]
[Black "Shcherbin Matvei (RUS)"]
[Result "0-1"]
[WhiteElo "2383"]
[BlackElo "2309"]

1.e4 c5 2.Nf3 d6 3.d4 Nf6 4.Nc3 cxd4 5.Nxd4 Nc6 6.Bg5 e6 7.Qd2 Be7 8.O-O-O O-O
9.f4 h6 10.Bh4 e5 11.Nxc6 bxc6 12.fxe5 dxe5 13.Qxd8 Rxd8 14.Rxd8+ Bxd8 15.Bc4
g5 16.Bg3 Bc7 17.Rf1 Kg7 18.Na4 Bg4 19.Nc5 Re8 20.b4 Bh5 21.Bd3 Bg6 22.Bf2 Bb6
23.Re1 Nd7 24.Kb2 Nxc5 25.Bxc5 Bxc5 26.bxc5 Rb8+ 27.Kc3 Kf8 28.a4 a5 29.Bc4
Ke7 30.Bd5 cxd5 31.exd5 f6 32.Re2 Rb4 33.g3 Rxa4 34.Rf2 Rd4 35.d6+ Ke6 36.Kb3
a4+ 37.Ka3 Be8 {#R} 0-1

[Event "Memorial Carlos Gamarra (cat.2)"]
[Site "masterchessopen.com – Asuncion (Paraguay)"]
[Date "2010.01.26"]
[Round "10"]
[White "Gattas Allan (BRA)"]
[Black "Peralta Eduardo (PAR)"]
[Result "1-0"]
[WhiteElo "2234"]
[BlackElo "2266"]

1.e4 c5 2.Nf3 d6 3.d4 cxd4 4.Nxd4 Nf6 5.Nc3 Nc6 6.Bg5 e6 7.Qd2 Be7 8.O-O-O O-O
9.f4 h6 10.Bxf6 Bxf6 11.Nxc6 bxc6 12.Qxd6 Qb6 13.e5 Rd8 14.Qa3 Qe3+ 15.Kb1
Rxd1+ 16.Nxd1 Qxa3 17.bxa3 Rb8+ 18.Nb2 Be7 19.Bc4 Bxa3 20.Bb3 Kf8 21.Rd1 Ke7
22.c3 g5 23.fxg5 hxg5 24.Rd4 f6 25.Nc4 Bc5 26.exf6+ Kxf6 27.Rd8 e5 28.Kc1 e4
29.Kd2 Bg1 30.Nd6 e3+ 31.Kc1 Bf2 32.Bc4 e2 33.Bxe2 Be3+ 34.Kc2 Bf5+ 35.Nxf5
Rxd8 36.Nxe3 Ke5 37.Bf3 c5 38.Nc4+ Kf4 39.h3 Rd7 40.Na5 Ke3 41.Nc4+ Kf4 42.a4
Re7 43.a5 Re1 44.a6 Kg3 45.Nd6 Kf4 46.Nb5 Ra1 47.Bb7 c4 48.Kb2 Ra5 49.Nxa7 Ke3
50.Nc6 {#r} 1-0

[Event "Ch Kujawsko - Pomorskie province (team) 2009/10 "]
[Site "masterchessopen.com – Poland"]
[Round "6"]
[White "Gajek Radoslaw (POL)"]
[Black "Radtke Lukasz (POL)"]
[Result "1-0"]
[WhiteElo "1930"]
[BlackElo "1778"]

1.e4 c5 2.Nf3 Nc6 3.d4 cxd4 4.Nxd4 d6 5.Nc3 Nf6 6.Bg5 e6 7.Qd2 Be7 8.O-O-O O-O
9.f4 d5 10.e5 Ne8 11.Bxe7 Qxe7 12.g4 a6 13.g5 Nc7 14.h4 Bd7 15.h5 Nxd4 16.Qxd4
Nb5 17.Bxb5 axb5 18.a3 Rfc8 19.g6 h6 20.gxf7+ Qxf7 21.Rdf1 Rc4 22.Qd2 Qf5
23.Qd3 Qxd3 24.cxd3 Rc7 25.Kd2 Rac8 26.Rc1 Bc6 27.Ne2 Kf7 28.Nd4 Bd7 29.Rcg1
Rg8 30.Rg6 Ke7 31.Rhg1 Kf7 32.f5 Kf8 33.Rxe6 Bxe6 34.Nxe6+ {#r} 1-0

[Event "Ch Colombia (juniors) (under 20)"]
[Site "masterchessopen.com – Bogota (Colombia)"]
[Date "2010.04.16"]
[Round "4"]
[White "Ruiz C Joshua D (COL)"]
[Black "Rios Cristian Camilo (COL)"]
[Result "0-1"]
[WhiteElo "2103"]
[BlackElo "2380"]

1.e4 c5 2.Nf3 e6 3.d4 cxd4 4.Nxd4 Nf6 5.Nc3 d6 6.Bg5 Be7 7.Qd2 Nc6 8.O-O-O O-O
9.f4 a6 10.Bxf6 Bxf6 11.Nxc6 bxc6 12.Qxd6 Qb6 13.e5 Rd8 14.Qa3 Qe3+ 15.Kb1
Rxd1+ 16.Nxd1 Qxa3 17.bxa3 Be7 18.c3 Bxa3 19.Bc4 Bb7 20.Ne3 Bc5 21.Nc2 Rd8
22.Kc1 a5 23.h3 h6 24.Rd1 Rxd1+ 25.Kxd1 Bg1 26.Ke2 Bh2 27.Ke3 g5 28.f5 exf5
29.e6 Bf4+ 30.Kf2 c5 31.exf7+ Kf8 32.g3 Be5 33.Ne3 Bxg3+ 34.Kxg3 f4+ 35.Kf2
fxe3+ 36.Kxe3 Bc8 37.Bf1 Kxf7 38.Ke4 Ke6 39.Bc4+ Kf6 40.Bf1 Bb7+ 41.Ke3 Ke5
42.a3 Bd5 43.Be2 Be6 44.Bf1 h5 45.Kf3 Bxh3 {#R} 0-1